|
|
|
|
| LEADER |
00000nam a2200000 a 4500 |
| 001 |
UCY8970 |
| 003 |
CL-VaPUC |
| 008 |
950707e19800000CL |||||||||||||||||spa|d |
| 082 |
0 |
4 |
|a 371.89
|b ARI
|2 21
|
| 100 |
0 |
|
|a Arias Méndez, Jaime
|e author
|9 340897
|
| 700 |
0 |
|
|a Aburto Bascuñán, Claudio
|e author
|9 340898
|
| 700 |
0 |
|
|a Torres Rabello, Rodolfo
|e author
|9 340899
|
| 245 |
1 |
0 |
|a Bases teóricas y prácticas de la educación extraescolar
|
| 300 |
|
|
|a 160 p
|
| 942 |
|
|
|c BK
|
| 945 |
|
|
|d 19950707 00:00:00
|a cmena
|
| 260 |
|
|
|a Santiago
|b Orma
|c 1980
|
| 650 |
|
7 |
|a EDUCACION EXTRAESCOLAR
|2 CL-VaPUC
|9 311165
|
| 650 |
|
0 |
|a Sistemas educacionales
|9 324695
|
| 650 |
|
0 |
|a Planificación de la educación
|9 307333
|
| 650 |
|
7 |
|a EDUCACION NO FORMAL
|2 CL-VaPUC
|9 308640
|
| 650 |
|
0 |
|a Metodología
|9 256610
|
| 650 |
|
7 |
|a GRUPOS
|2 CL-VaPUC
|9 336429
|
| 650 |
|
7 |
|a ENSEÑANZA EN EQUIPO
|2 CL-VaPUC
|9 340900
|
| 583 |
|
|
|a last modification
|c 19950707 00:00:00
|k Rodrigo Vera
|
| 999 |
|
|
|c 236147
|d 236145
|
| 952 |
|
|
|0 0
|1 0
|4 0
|6 371_890000000000000_ARI_1980
|7 0
|8 P
|9 244026
|a BIBEDU
|b BIBEDU
|c BIBEDU_PB
|d 2019-11-18
|i 1529455
|o 371.89 ARI 1980
|p 1529455
|r 2024-01-25
|w 2019-11-18
|y BK
|k EDU
|
| 952 |
|
|
|0 0
|1 0
|4 0
|6 371_890000000000000_ARI_1980
|7 0
|8 P
|9 244027
|a BIBEDU
|b BIBEDU
|c BIBEDU_PB
|d 2019-11-18
|i 1529463
|o 371.89 ARI 1980
|p 1529463
|r 2024-01-25
|w 2019-11-18
|y BK
|k EDU
|